Writing, A to Z : the terms, procedures, and facts of the writing business defined, explained, and put within reach (Record no. 37171)

MARC details
000 -LEADER
fixed length control field 00549nam a2200169Ia 4500
020 ## - INTERNATIONAL STANDARD BOOK NUMBER
ISBN 0898795567
050 ## - CALL MARK
Classification number PN 141 .W75/
245 #0 - TITLE STATEMENT
Title Writing, A to Z : the terms, procedures, and facts of the writing business defined, explained, and put within reach
260 ## - PUBLICATION, DISTRIBUTION, ETC. (IMPRINT)
Place of publication Cincinnati
260 ## - PUBLICATION, DISTRIBUTION, ETC. (IMPRINT)
Name of publisher Writer's Digest Books
260 ## - PUBLICATION, DISTRIBUTION, ETC. (IMPRINT)
Year of publication 1990
300 ## - PHYSICAL DESCRIPTION
Number of Pages 539 p
650 ## - SUBJECT ADDED ENTRY--TOPICAL TERM
Topical Term Authorship --Vocational guidance --Dictionaries. Mass media --Dictionaries.
942 ## - ADDED ENTRY ELEMENTS (KOHA)
Koha item type Books
Holdings
Withdrawn status Lost status Source of classification or shelving scheme Damaged status Not for loan Permanent Location Current Location Date acquired Accession Number Price effective from Koha item type
    Library of Congress Classification     NILE UNIVERSITY OF NIGERIA - MAIN LIBRARY NILE UNIVERSITY OF NIGERIA - MAIN LIBRARY 04/23/2025 0005578 04/23/2025 Books